000 01917ngm a2200385 4500
003 dpl
005 20080723110517.0
007 DVD
008 ||||||sp199 xxu|||||c|||| 00| 0 eng d
010 _aDVD-000288 DVD-001068-1069
024 _aA3281
_c599.00
035 _aDVD-000282
037 _aDVD-000288 DVD-001068-1069
040 _aDPL
_cDPL
082 _aDVD / HITC
245 _aHitchhiker's Guide to the Galaxy:
_cTouchstone Pictures and Spyglass Entertainment
_h[videorecording] DVD/
_bDont Panic
246 _a.
260 _bTouchstone Pictures
300 _a1 videodisc DVD; (109 min.) :
_bsd., col. ;
_c4 3/4 in.
_fDVD
500 _aSole Distributor in India M/s. Excel Productions Autio Visuals Pvt. Ltd.
500 _aSpecial Features: Making of the "Hitchhicker's Guide To The Galaxy", Additional Guide Entry, Deleted Scenes
538 _aDolby Digital 5.1-English, Thai Subtitles: English, Bahasa ,Thai, Malay, Korean
538 _aAspect Ratio: 2.35:1, Presentation type: Wide Screne, Presentation Size 16x9, Format DVD 9 Dual Layer Single Sided Disc.
650 _aMotion Picture
700 _aFreeman, Martin
700 _aNighty, Bill
700 _aDavis, Warwick
700 _aChjancelor, Anna
700 _aRickman, Alan
942 _cCF
_2ddc
_hDVD
_mHITC
999 _c15407
_d15407